| 000 | 00642ntaaa2200217 4500 | ||
|---|---|---|---|
| 003 | 01 | ||
| 005 | 20251027203105.0 | ||
| 008 | 0714s1973 ag 01 | ||
| 020 | _a8476459440 | ||
| 040 |
_aAR-BaBN _bspa _cAR-BaBN _eaacr _dRIC |
||
| 082 | _a261.9000 C88p | ||
| 100 |
_aCruz, Antonio _932288 |
||
| 245 |
_aPostmodernidad / _cAntonio Cruz, |
||
| 250 | _a1 ed. | ||
| 260 |
_aTerrassa : _bClie, _c1996 |
||
| 300 |
_a239 p ; _c24 cm |
||
| 500 | _aContiene: Notas y referencaias bibliograficas p. 216-229; Indices p. 230-235; Bibliografia p. 236-239 | ||
| 650 | _aPostmodernidad | ||
| 650 |
_aFe Cristiana y Postmodernidad _932290 |
||
| 942 | _cBK | ||
| 999 |
_c26299 _d26299 |
||